000 00596cab a2200205 4500
001 WB2944-34
008 090401t1993 xxu||||| |||| 00| 0 eng d
035 _a(Sirsi) u76759
041 _aeng
245 _aGreen log books
260 _c1993
350 _a0
490 _aFinancial Times
_v23 November 1993, 16(1)
520 _aSolicitors Norton Rose have devised a green log book for landowners and occupiers to create land use histories and keep a record of present use.
650 _aCONTAMINATED LAND
650 _aLOG BOOKS
690 _aLAND
942 _n0
948 _c04/03/1997
999 _c48225
_d48225